Introducción a la filosofía o para leer las meditaciones del quijote /
Guardado en:
| Autor Principal: | |
|---|---|
| Formato: | Libro |
| Publicado: |
La Serena :
Universidad de La Serena
|
| Materias: | |
| Etiquetas: |
Agregar Etiqueta
Sin Etiquetas, Sea el primero en etiquetar este registro!
|
| LEADER | 00687nam a22002055a 4500 | ||
|---|---|---|---|
| 001 | EHU.bham045552 | ||
| 003 | AR-BHAM | ||
| 005 | 20190507104004.0 | ||
| 008 | 130507b######################000#0#####d | ||
| 020 | |a 9789567393916 | ||
| 082 | 1 | 0 | |a 100 |
| 100 | 1 | |a Roco Godoy, Francisco | |
| 245 | 1 | 0 | |a Introducción a la filosofía o para leer las meditaciones del quijote / |c Francisco Roco Godoy |
| 260 | |a La Serena : |b Universidad de La Serena | ||
| 300 | |a 205 p. | ||
| 600 | 1 | 4 | |a Ortega y Gasset, José |
| 653 | |a Filosofía-introducción a la | ||
| 653 | |a Filosofía española-estudios sobre | ||
| 653 | |a Literatura y filosofía | ||
| 859 | |a AR-BHAM |b BIB. HUMANIDADES - General |h 100 |i R599 |p 382.18 |t Ej.1 | ||
